The top 26 highest rated players in NBA 2K17 - Statistics

General Stats
  • This quiz has been taken 1,454 times
  • The average score is 23 of 26
Answer Stats
Rating Team Answer % Correct
94 Warriors Curry
98%
93 Warriors Durant
96%
96 Cavaliers James
96%
90 Warriors Thompson
96%
93 Thunder Westbrook
96%
90 Warriors Green
95%
90 Rockets Harden
95%
91 Clippers Paul
95%
90 Pelicans Davis
93%
93 Spurs Leonard
93%
89 Blazers Lillard
93%
89 Pacers George
92%
89 Cavaliers Irving
92%
88 Wizards Wall
91%
88 Bulls Butler
90%
87 Clippers Griffin
89%
90 Kings Cousins
87%
87 Raptors Derozan
87%
88 Wolves Towns
87%
86 Raptors Lowry
86%
88 Knicks Anthony
85%
87 Bulls Wade
84%
87 Pistons Drummond
77%
88 Spurs Aldridge
75%
86 Heat Bosh
66%
86 Hawks Millsap
62%
No matching quizzes found
Score Distribution
Percent of People with Each Score
Percentile by Number Answered
Your Score History
You have not taken this quiz